The National Assembly and presidential elections in Guyana, 17 May1994 (Record no. 1940)

MARC details
000 -LEADER
fixed length control field 01098cam a2200313 a 4500
001 - CONTROL NUMBER
control field 12657921
003 - CONTROL NUMBER IDENTIFIER
control field OSt
005 - DATE AND TIME OF LATEST TRANSACTION
control field 20230620164305.0
008 - FIXED-LENGTH DATA ELEMENTS--GENERAL INFORMATION
fixed length control field 990715s1999 enkab 000 0 eng
010 ## - LIBRARY OF CONGRESS CONTROL NUMBER
LC control number 2002327367
020 ## - INTERNATIONAL STANDARD BOOK NUMBER
International Standard Book Number 085092409X
035 ## - SYSTEM CONTROL NUMBER
System control number (OCoLC)ocm49500992
040 ## - CATALOGING SOURCE
Original cataloging agency OI@
Transcribing agency OI@
Modifying agency DLC
042 ## - AUTHENTICATION CODE
Authentication code lccopycat
043 ## - GEOGRAPHIC AREA CODE
Geographic area code f-nr---
082 00 - DEWEY DECIMAL CLASSIFICATION NUMBER
Classification number 324.98
Item number COM
110 2# - MAIN ENTRY--CORPORATE NAME
Corporate name or jurisdiction name as entry element Commonwealth Observer Group.
245 14 - TITLE STATEMENT
Title The National Assembly and presidential elections in Guyana, 17 May1994
Remainder of title the report of the Commonwealth Observer Group.
260 ## - PUBLICATION, DISTRIBUTION, ETC. (IMPRINT)
Place of publication, distribution, etc. London :
Name of publisher, distributor, etc. Commonwealth Secretariat,
Date of publication, distribution, etc. 1994
300 ## - PHYSICAL DESCRIPTION
Extent x, 93 p :
Other physical details ill., map ;
Dimensions 30 cm.
610 10 - SUBJECT ADDED ENTRY--CORPORATE NAME
Corporate name or jurisdiction name as entry element Nigeria.
Subordinate unit National Assembly
General subdivision Elections, 1999.
650 #0 - SUBJECT ADDED ENTRY--TOPICAL TERM
Topical term or geographic name as entry element Presidents
Geographic subdivision Nigeria
General subdivision Election
Chronological subdivision 1999.
651 #0 - SUBJECT ADDED ENTRY--GEOGRAPHIC NAME
Geographic name Nigeria
General subdivision Politics and government
Chronological subdivision 1993-2007.
710 2# - ADDED ENTRY--CORPORATE NAME
Corporate name or jurisdiction name as entry element Commonwealth Secretariat.
906 ## - LOCAL DATA ELEMENT F, LDF (RLIN)
a 7
b cbc
c copycat
d 3
e ncip
f 20
g y-gencatlg
942 ## - ADDED ENTRY ELEMENTS (KOHA)
Source of classification or shelving scheme Dewey Decimal Classification
Koha item type Books
Holdings
Withdrawn status Lost status Source of classification or shelving scheme Damaged status Not for loan Home library Current library Date acquired Total Checkouts Full call number Barcode Checked out Date last seen Price effective from Koha item type
    Dewey Decimal Classification     County Hall Archives County Hall Archives 06/20/2023   324.98 COM 10014062 09/23/2019 06/20/2023 06/20/2023 Books
LIBRARY OPENING HOURS

When the Parliament is sitting: 8.00a.m - 7.00p.m or until the house adjourns
Mondays and Fridays and when the House is on Recess:  8.00a.m - 5.00p.m
Closed on Weekends and Public Holidays

Online Public Access Catalog (OPAC)
Website: http://www.parliament.go.ke
Bunge Library: https://libraryir.parliament.go.ke
Contact: library@parliament.go.ke | Tel no: (254-2)2221291 or 2848000 Ext 5043